006380000a2200169000450000500170000000800410001708200160005811000190007424501130009326000490020630000260025565000330028165000360031494200070035095200960035799900150045320240106101021.0230817t ||||| |||| 00| 0 eng d a305.43bUNI aUnited Nations a Development of women's organizations in rural areas : breport of the Expert Group Meeting, 1-7 August 1978 a[Bangkok]:bESCAP, United Nations, c [1978] a 67 p. : ill. ; 24 cm aRural women, Asia- Societies aWomen in development, Societies cRP 00102ddc4070aMAINbMAINd2023-08-17l0o305.43 UNIpRAF4310r2023-08-17w2023-08-17yRP c1727d1727